000 00676nam a2200277Ia 4500
005 20260324141231.0
008 008 260324s9999 xx 000 0 eng d
020 _a9780429456596
037 _aEBOOK
040 _aCRL
040 _beng
040 _cCRL
041 _2eng
041 _aeng
084 _qCRL
100 _aClaudia Jiménez Cortés
_91207423
245 0 _aGATT, WTO and the Regulation of International Trade in Textiles
260 _bTaylor and Francis
260 _c1997
365 _a
365 _b205
856 _uhttp://www.taylorfrancis.com/books/9780429456596
942 _cEBOOK
999 _c1810297
_d1810297